Normal view
MARC view
- Sapra, Sonal
Entry Personal Name
001 - CONTROL NUMBER
- control field: 122224
003 - CONTROL NUMBER IDENTIFIER
- control field: NUST
005 - DATE AND TIME OF LATEST TRANSACTION
- control field: 20240327111643.0
008 - FIXED-LENGTH DATA ELEMENTS
- fixed length control field: 240327|| aca||aabn | a|a d
040 ## - CATALOGING SOURCE
- Original cataloging agency: NUST
- Transcribing agency: NUST
100 ## - HEADING--PERSONAL NAME
- Personal name: Sapra, Sonal
670 ## - SOURCE DATA FOUND
- Source citation: Work cat.: (NUST)12356: Electrical machines and automatic control /, 2012
